<?xml version="1.0" encoding="UTF-8"?><?xml-stylesheet type="text/xsl" href="static/style.xsl"?><OAI-PMH xmlns="http://www.openarchives.org/OAI/2.0/" xmlns:xsi="http://www.w3.org/2001/XMLSchema-instance" xsi:schemaLocation="http://www.openarchives.org/OAI/2.0/ http://www.openarchives.org/OAI/2.0/OAI-PMH.xsd"><responseDate>2026-05-14T09:47:32Z</responseDate><request verb="GetRecord" identifier="oai:riubu.ubu.es:10259/11196" metadataPrefix="marc">https://riubu.ubu.es/oai/request</request><GetRecord><record><header><identifier>oai:riubu.ubu.es:10259/11196</identifier><datestamp>2026-01-13T01:05:29Z</datestamp><setSpec>com_10259_3969</setSpec><setSpec>com_10259_5086</setSpec><setSpec>com_10259_2604</setSpec><setSpec>col_10259_3970</setSpec></header><metadata><record xmlns="http://www.loc.gov/MARC21/slim" xmlns:doc="http://www.lyncode.com/xoai" xmlns:xsi="http://www.w3.org/2001/XMLSchema-instance" xmlns:dcterms="http://purl.org/dc/terms/" xsi:schemaLocation="http://www.loc.gov/MARC21/slim http://www.loc.gov/standards/marcxml/schema/MARC21slim.xsd">
<leader>00925njm 22002777a 4500</leader>
<datafield tag="042" ind1=" " ind2=" ">
<subfield code="a">dc</subfield>
</datafield>
<datafield tag="720" ind1=" " ind2=" ">
<subfield code="a">Aragón Torre, Guillermo</subfield>
<subfield code="e">author</subfield>
</datafield>
<datafield tag="720" ind1=" " ind2=" ">
<subfield code="a">Aragón Torre, Ángel</subfield>
<subfield code="e">author</subfield>
</datafield>
<datafield tag="720" ind1=" " ind2=" ">
<subfield code="a">Santamaría, Amaia</subfield>
<subfield code="e">author</subfield>
</datafield>
<datafield tag="720" ind1=" " ind2=" ">
<subfield code="a">Esteban, Alberto</subfield>
<subfield code="e">author</subfield>
</datafield>
<datafield tag="720" ind1=" " ind2=" ">
<subfield code="a">Fiol Olivan, Francisco</subfield>
<subfield code="e">author</subfield>
</datafield>
<datafield tag="260" ind1=" " ind2=" ">
<subfield code="c">2019-07</subfield>
</datafield>
<datafield tag="520" ind1=" " ind2=" ">
<subfield code="a">A commercial masonry rendering mortar is tested in this study of the classical correlation between structure and mechanical properties. Porosity, capillary absorption of water and mortar shrinkage are all analyzed. Special emphasis is placed on the development of mortar strength, stiffness, and damping characteristics including sound muffling. All these properties are related to the microstructure of the mortar in the hardened state and to its moisture content. The numerical results showed different values for the Young’s moduli of the rendering mortar under both tension and compression, and an outstanding capacity to dissipate vibrational energy. Freeze-thaw and wetting-drying durability tests were also performed on the mortar with good results.</subfield>
</datafield>
<datafield tag="024" ind2=" " ind1="8">
<subfield code="a">0950-0618</subfield>
</datafield>
<datafield tag="024" ind2=" " ind1="8">
<subfield code="a">https://hdl.handle.net/10259/11196</subfield>
</datafield>
<datafield tag="024" ind2=" " ind1="8">
<subfield code="a">10.1016/j.conbuildmat.2019.07.034</subfield>
</datafield>
<datafield ind1=" " ind2=" " tag="653">
<subfield code="a">Rendering mortar</subfield>
</datafield>
<datafield ind1=" " ind2=" " tag="653">
<subfield code="a">Microstructure and porosity</subfield>
</datafield>
<datafield ind1=" " ind2=" " tag="653">
<subfield code="a">Shrinkage</subfield>
</datafield>
<datafield ind1=" " ind2=" " tag="653">
<subfield code="a">Stiffness</subfield>
</datafield>
<datafield ind1=" " ind2=" " tag="653">
<subfield code="a">Strength</subfield>
</datafield>
<datafield ind1=" " ind2=" " tag="653">
<subfield code="a">Damping</subfield>
</datafield>
<datafield ind1=" " ind2=" " tag="653">
<subfield code="a">Durability</subfield>
</datafield>
<datafield tag="245" ind1="0" ind2="0">
<subfield code="a">Physical and mechanical characterization of a commercial rendering mortar using destructive and non-destructive techniques</subfield>
</datafield>
</record></metadata></record></GetRecord></OAI-PMH>